[Event "Trundle_Qualifiers_2012"]
[Site "?"]
[Date "2012.10.06"]
[Round "8.4"]
[White "Pinic, Noel"]
[Black "Perry, Roger"]
[Result "0-1"]
[WhiteElo "2087"]
[BlackElo "2007"]
[PlyCount "84"]
[EventDate "2012.??.??"]
[SourceDate "2012.09.29"]

1. e4 c5 2. Nf3 d6 3. d4 cxd4 4. Nxd4 Nf6 5. Nc3 g6 6. Bc4 Bg7 7. Be3 Nc6 8.
Nxc6 bxc6 9. e5 Ng4 10. e6 Ne5 11. exf7+ Kf8 12. Bb3 d5 13. Bd4 Nxf7 14. O-O e5
15. Bc5+ Kg8 16. f4 e4 17. Ba3 Ba6 18. Rf2 Bf6 19. g4 h6 20. Bc5 Kg7 21. Bd4
Re8 22. g5 Bxd4 23. Qxd4+ Kh7 24. h4 Rb8 25. f5 Ne5 26. fxg6+ Kxg6 27. Rf4 Nf3+
28. Rxf3 exf3 29. h5+ Kxh5 30. Kf2 Qb6 31. Qxb6 axb6 32. gxh6 Kxh6 33. Rh1+ Kg5
34. Kxf3 Rf8+ 35. Kg2 Rbe8 36. Rh7 Kf4 37. Bxd5 Rg8+ 38. Kh2 cxd5 39. Nxd5+ Kf3
40. Nxb6 Rg2+ 41. Kh1 Rxc2 42. Nd5 Bf1 {Resigns.} 0-1

[Event "Trundle_Qualifiers_2012"]
[Site "?"]
[Date "2012.10.06"]
[Round "8.5"]
[White "Bennett, Hilton"]
[Black "Thornton, Gino"]
[Result "0-1"]
[WhiteElo "2142"]
[BlackElo "1959"]
[PlyCount "100"]
[EventDate "2012.??.??"]
[SourceDate "2012.09.29"]

1. e4 e6 2. d4 d5 3. Nd2 Nf6 4. Bd3 c5 5. c3 Nc6 6. Ngf3 Be7 7. O-O O-O 8. e5
Nd7 9. Re1 cxd4 10. cxd4 f6 11. exf6 Nxf6 12. h3 Qc7 13. Nb3 Bd6 14. Bg5 Qf7
15. Qe2 Nh5 16. Qc2 g6 17. a3 Qg7 18. Rad1 a5 19. Bb5 a4 20. Nc5 Rxf3 21. gxf3
Nxd4 22. Rxd4 Qxd4 23. Nxe6 Qb6 24. Qe2 Ra5 25. Nc7 Ng7 26. Rc1 Bxh3 27. Nxd5
Qxb5 28. Nf6+ Kh8 29. Qxb5 Rxb5 30. Ne4 Rd5 31. Bf6 h6 32. Nxd6 Rxd6 33. Be5
Rd7 34. Rc4 Bf5 35. Rxa4 Kg8 36. Ra8+ Kh7 37. b4 g5 38. a4 Kg6 39. Rg8 Be6 40.
Rf8 Rf7 41. Rg8 Bd5 42. f4 gxf4 43. Rd8 Be6 44. b5 Kf5 45. Bb2 Bb3 46. a5 Ne6
47. Rh8 Rd7 48. Rg8 Rd1+ 49. Kh2 Bd5 50. Rg1 Rd2 {Resigns.} 0-1

[Event "George Trundle Masters 2012"]
[Site "Auckland, NZL"]
[Date "2012.10.07"]
[Round "9.1"]
[White "Chan, Peng Kong"]
[Black "Green, Ewen M"]
[Result "1/2-1/2"]
[WhiteElo "2245"]
[BlackElo "2258"]
[PlyCount "37"]
[EventDate "2012.??.??"]

1. Nf3 Nf6 2. d4 d5 3. g3 Bf5 4. c4 c6 5. Nbd2 e6 6. Bg2 Nbd7 7. O-O Bd6 8. b3
O-O 9. Bb2 h6 10. Ne5 Qe7 11. Ndf3 Ba3 12. Qc1 Bxb2 13. Qxb2 Be4 14. Nxd7 Nxd7
15. Rfe1 Rfe8 16. Rad1 Rad8 17. Bh3 Qb4 18. Nd2 Bg6 19. Bg2 1/2-1/2

[Event "George Trundle Masters 2012"]
[Site "Auckland, NZL"]
[Date "2012.10.07"]
[Round "9.2"]
[White "Reilly, Tim"]
[Black "Watson, Bruce R"]
[Result "1/2-1/2"]
[WhiteElo "2251"]
[BlackElo "2300"]
[PlyCount "91"]
[EventDate "2012.??.??"]

1. d4 Nf6 2. c4 e6 3. Nc3 d5 4. cxd5 exd5 5. Bg5 Be7 6. e3 c6 7. Bd3 Nbd7 8.
Nge2 Nh5 9. Bxe7 Qxe7 10. g4 Nhf6 11. Ng3 Nb6 12. g5 Ng8 13. h4 Bd7 14. Qc2
O-O-O 15. Nf5 Bxf5 16. Bxf5+ Kb8 17. O-O-O g6 18. Bd3 h6 19. Rhg1 hxg5 20. hxg5
Rh5 21. Qb3 Rxg5 22. Rxg5 Qxg5 23. a4 Ne7 24. a5 Nc4 25. Bxc4 dxc4 26. Qxc4 Nd5
27. a6 Nxc3 28. bxc3 Qd5 29. Qxd5 cxd5 30. axb7 Kxb7 31. Kc2 a5 32. c4 dxc4 33.
Kc3 Kc6 34. Kxc4 Ra8 35. Ra1 g5 36. e4 f6 37. Ra4 g4 38. Ra3 a4 39. Kb4 Re8 40.
Rxa4 Rxe4 41. Ra6+ Kd5 42. Rxf6 Kxd4 43. Rf8 Ke5+ 44. Kc3 Rf4 45. Re8+ Kf5 46.
Kd3 1/2-1/2

[Event "George Trundle Masters 2012"]
[Site "Auckland, NZL"]
[Date "2012.10.07"]
[Round "9.4"]
[White "Johansen, Darryl K"]
[Black "Steadman, Michael"]
[Result "1-0"]
[WhiteElo "2446"]
[BlackElo "2200"]
[PlyCount "53"]
[EventDate "2012.??.??"]

1. Nf3 e6 2. g3 d5 3. Bg2 c5 4. O-O Nf6 5. c4 Nc6 6. d4 dxc4 7. Ne5 Nxe5 8.
dxe5 Qxd1 9. Rxd1 Nd7 10. f4 Rb8 11. a4 Nb6 12. Nc3 Bd7 13. a5 Nc8 14. Be3 Be7
15. Rd2 Bc6 16. Bxc6+ bxc6 17. Ne4 Rb5 18. Ra2 f5 19. exf6 gxf6 20. Rc2 f5 21.
Nd2 Nd6 22. Nxc4 Nxc4 23. Rxc4 Kf7 24. a6 Rd8 25. Kf2 Rdb8 26. Rc2 Bf6 27. Rxc5
1-0

[Event "Trundle_Qualifiers_2012"]
[Site "?"]
[Date "2012.10.07"]
[Round "9.1"]
[White "Thornton, Gino"]
[Black "Gao, Hans"]
[Result "1/2-1/2"]
[WhiteElo "2142"]
[BlackElo "2017"]
[PlyCount "83"]
[EventDate "2012.??.??"]
[SourceDate "2012.09.29"]

1. c4 Nf6 2. Nc3 g6 3. d4 Bg7 4. g3 d6 5. Bg2 O-O 6. e4 Nc6 7. Nf3 a6 8. O-O {
(=)} Bg4 9. h3 Bxf3 10. Bxf3 e5 11. d5 Nd4 12. Bg2 c5 13. Be3 Qc7 14. Qd2 Rfe8
15. Rae1 Rab8 16. Bg5 b5 17. f4 Nd7 18. cxb5 axb5 19. f5 f6 20. Be3 b4 21. Ne2
Qa5 22. fxg6 hxg6 23. Nc1 Nb6 24. Qd1 Nc4 25. Qg4 Nc2 26. Bf2 Nxe1 27. Rxe1 Kf7
28. h4 Qa7 29. h5 gxh5 30. Qxh5+ Ke7 31. b3 Nb6 32. Qg6 Rg8 33. Bh3 Bh8 34.
Qh7+ Rg7 35. Qh6 Rg5 36. Be6 Bg7 37. Qh3 Rh8 38. Qg2 Rgh5 39. Kf1 Qa6+ 40. Re2
Rh1+ 41. Bg1 c4 42. Qf3 1/2-1/2

[Event "Trundle_Qualifiers_2012"]
[Site "?"]
[Date "2012.10.07"]
[Round "9.2"]
[White "Perry, Roger"]
[Black "Bennett, Hilton"]
[Result "1-0"]
[WhiteElo "2007"]
[BlackElo "1959"]
[PlyCount "63"]
[EventDate "2012.??.??"]
[SourceDate "2012.09.29"]

1. e4 g6 2. d4 Bg7 3. Nc3 d6 4. f4 a6 5. Nf3 b5 6. Bd3 Nd7 7. a4 b4 8. Ne2 c5
9. c3 bxc3 10. bxc3 Rb8 11. Be3 Ngf6 12. O-O O-O 13. h3 Bb7 14. e5 Nd5 15. Bd2
Qb6 16. Rb1 Qa7 17. Kh1 cxd4 18. cxd4 dxe5 19. fxe5 e6 20. Qe1 Bc6 21. Qh4 Rxb1
22. Bxb1 f6 23. Bh6 fxe5 24. Bxg7 Kxg7 25. Rc1 Qb7 26. Ng5 N5f6 27. Nxe6+ Kg8
28. Nxf8 Bxg2+ 29. Kh2 Nxf8 30. Qxf6 Bf3 31. Ba2+ Bd5 32. Rc7 1-0

[Event "Trundle_Qualifiers_2012"]
[Site "?"]
[Date "2012.10.07"]
[Round "9.3"]
[White "Duneas, John"]
[Black "Pinic, Noel"]
[Result "1-0"]
[WhiteElo "2089"]
[BlackElo "2087"]
[PlyCount "43"]
[EventDate "2012.??.??"]
[SourceDate "2012.09.29"]

1. d4 Nf6 2. Nf3 g6 3. c4 Bg7 4. Nc3 c5 5. d5 O-O 6. g3 d6 7. Bg2 Na6 8. O-O
Bd7 9. e4 Nc7 10. a4 Na6 11. Re1 Nb4 12. h3 Qc8 13. Kh2 Nh5 14. e5 dxe5 15.
Nxe5 Bf5 16. g4 Bc2 17. Qd2 Qb8 18. f4 Nf6 19. Na2 Bb3 20. Nxb4 cxb4 21. Qxb4
Bc2 22. Qc3 1-0